| 000 | 00643nam a2200205 i 4500 | ||
|---|---|---|---|
| 001 | 181418 | ||
| 003 | ES-MaACL | ||
| 005 | 20250702063128.0 | ||
| 008 | 130114s2011 sp | |||||||| | spa d | ||
| 080 | _a821.111(417)-32"18" | ||
| 100 | 1 |
_aWilde, Oscar, _d1854-1900 _9241147 |
|
| 245 | 1 | 3 |
_aEl crimen de lord Arthur Savile / _cOscar Wilde. |
| 260 |
_a[Madrid] : _bDiario Público, _cD.L. 2011. |
||
| 300 |
_a77 p. ; _c18 cm. |
||
| 490 | 1 | _aColección Novela negra | |
| 830 | 0 |
_aNovela negra _9191448 |
|
| 852 |
_aES-MaACL _jA-12438 _9188318 _bR.148378 _cDEPO1 _dOlim: N-5443 |
||
| 942 |
_2udc _cMONOGRAFIA |
||
| 999 |
_c181418 _d181418 |
||